000 00787nam a2200193Ii 4500
003 JO-AjNU
008 230605s9999||||xx |||||||||||||| ||und||
040 _aJO-AjNU
_bara
_erda
_cJO-AjNU
041 _aara
050 1 4 _aBF721.D3.1979
100 3 _aدسوقي، كمال,
_eauthor
_936061
245 0 0 _aالنمو التربوي للطفل والمراهق :دروس في علم النفس الارتقائي
264 3 1 _aبيروت:دار النهضة العربية للطباعة والنشر ،1979
300 _a539ص
336 _atext
_btxt
_2rdacontent
337 _aunmediated
_bn
_2rdamedia
338 _avolume
_bnc
_2rdacarrier
650 4 _aالمراهقة-جوانب نفسية-الاطفال-علم نفس-مناهج بحث-علم النفس الارتقائي
_936062
999 _aA14948
_c18516
_d18516